000 00480nam a2200181Ia 4500
001 2750
005 20260306144830.0
008 260306t2005||||xx |||||||||||||| ||spa||
041 _aESP
082 _a225
_bS64
100 _aSocietá Biblica Britannica & Forestiera
_eAUT
245 0 _aLa palabra esculpida:
_bla Biblia en los orígenes del arte cristiano
260 _c2005
300 _a84 páginas :
_c30 cm.
650 _aGEN
654 _aCHU
942 _cLIB
_dJUS
_fJUS
_2ddc
_n
999 _c2750
_d2750